000 02087cam a22004814i 4500
003 PE-LiUPU
005 20250731173345.0
008 150706s2005 xxu rb 000 0 spa d
020 _a0829743855
035 _a(Sirsi) i9780829743852
040 _aPE-LiUPU
_bspa
_cPE-LiUPU
_erda
049 _aPRUA
082 0 4 _a215
_bD54
_221
100 1 _aDembski, William A,
_eautor.
245 1 0 _aDiseño inteligente :
_bun puente entre la ciencia y la teología /
_cWilliam A. Dembski.
264 1 _aMiami, Florida :
_bVida,
_c2005.
300 _a312 páginas ;
_c23 centímetros
336 _atext
_2rdacontent
337 _aunmediated
_2rdamedia
338 _avolume
_2rdacarrier
504 _aIncluye notas bibliográficas.
505 0 _aFondo histórico -- Reconocimiento del dedo divino -- La crítica de los milagros -- El fallecimiento de la teología natural británica -- Una teoría de diseño -- Naturalismo y su cura -- Reinstalación del diseño dentro de la ciencia -- Diseño inteligente como una teoría de la información -- Creación de un puente entre la ciencia y la teología -- Las ciencias y la teología en apoyo mutuo -- El acto de la creación.
526 _aSEG42
526 _aSEG41
526 _aSEG40
526 _aSEG39
526 _aP94
526 _aP87
526 _aP86
526 _aP85
526 _aP77
526 _aP76
526 _aP35
541 _g001-0000464;
650 0 4 _aDiseño inteligente (Teleología).
650 0 4 _aReligión y ciencia.
910 _agl
_bjv
_clch
_d20091123
942 _2ddc
_cBOOK
949 _a215 D54
_wDEWEY
_c1
_i60659
_d2016-6-22
_e2016-6-22
_lCCODEBUL1
_mBUL
_n16
_p12.00
_r0
_sY
_tBOOK
_u2015-7-6
_xTEOLOGIA
_zUNKNOWN
_0COMPRA
_o.STAFF. Colección Teología
994 _aC0
_bPEPRU
596 _a1
999 _a215 D54
_wDEWEY
_c50071
_i60659
_d50071
_e2022-7-13
_f2021-11-9
_g4
_lCCODEBUL1
_mBUL
_n33
_p12.00
_q4
_r0
_sY
_tBOOK
_u2015-7-6
_xTEOLOGIA
_PP35
_0COMPRA
_o.STAFF. Colección Teología
980 _81
_gALBERTO SANCHEZ Responsable de Automatización